Blood red river : (Record no. 138907)

MARC details
000 -LEADER
fixed length control field 00613nam a22001817a 4500
005 - DATE AND TIME OF LATEST TRANSACTION
control field 20230201153817.0
010 ## - LCCN (DPL NO)
LC control number ENG-136099
020 ## - INTERNATIONAL STANDARD BOOK NUMBER
International Standard Book Number 9789351950332
Terms of availability 399.00
035 ## - SYSTEM CONTROL NUMBER
System control number EN-119631
037 ## - SOURCE OF ACQUISITION
Source of stock number/acquisition DBAD/PUB
082 ## - DEWEY DECIMAL CLASSIFICATION NUMBER
Classification number 335.4095421
100 ## - MAIN ENTRY--PERSONAL NAME
Personal name Prasad, Rohit
245 ## - TITLE STATEMENT
Title Blood red river :
Remainder of title a journey into the heart o India development confit/
Statement of responsibility, etc by Rohit Prasad
260 ## - PUBLICATION, DISTRIBUTION, ETC. (IMPRINT)
Place of publication, distribution, etc Gurgaon
Name of publisher, distributor, etc Hachette Book Publishing
Date of publication, distribution, etc 2016
270 ## - ADDRESS
Address 4th & 5th Floors, Corporate Center, Plot No. 94, Sector 44
City Gurgaon
Postal code 122003
300 ## - PHYSICAL DESCRIPTION
Extent xiv,390p.
Dimensions 21cm(pbk)
942 ## - ADDED ENTRY ELEMENTS (KOHA)
Source of classification or shelving scheme Dewey Decimal Classification
Item type English Books
Call number suffix PRA
Classification part 335.4095421
Holdings
Withdrawn status Lost status Not for loan Collection code Home library Current library Date acquired Source of acquisition Cost, normal purchase price Full call number Barcode Copy number Cost, replacement price Koha item type
      Non-fiction Kasturba Gandhi Marg Kasturba Gandhi Marg 01/02/2023 DBAD/PUB 399.00 335.4095421 PRA EN-119631 1 399.00 English Books

© Delhi Public Library
Hit Counter
free hit counter